<?xml version="1.0" encoding="UTF-8"?><marc:collection xmlns:marc="http://www.loc.gov/MARC21/slim">
  <marc:record>
    <marc:leader>00000nam##2200000za#4500</marc:leader>
    <marc:controlfield tag="001">9.682231</marc:controlfield>
    <marc:controlfield tag="003">CaOODSP</marc:controlfield>
    <marc:controlfield tag="005">20250509081848</marc:controlfield>
    <marc:controlfield tag="007">ta</marc:controlfield>
    <marc:controlfield tag="008">150407|2003||||xxc|||||     f|0| 0 fre|d</marc:controlfield>
    <marc:datafield tag="020" ind1=" " ind2=" ">
      <marc:subfield code="a">0-662-89706-4</marc:subfield>
    </marc:datafield>
    <marc:datafield tag="040" ind1=" " ind2=" ">
      <marc:subfield code="a">CaOODSP</marc:subfield>
      <marc:subfield code="b">fre</marc:subfield>
    </marc:datafield>
    <marc:datafield tag="043" ind1=" " ind2=" ">
      <marc:subfield code="a">n-cn---</marc:subfield>
    </marc:datafield>
    <marc:datafield tag="086" ind1="1" ind2=" ">
      <marc:subfield code="a">M40-62/2003F</marc:subfield>
    </marc:datafield>
    <marc:datafield tag="110" ind1="2" ind2=" ">
      <marc:subfield code="a">Commission géologique du Canada.</marc:subfield>
    </marc:datafield>
    <marc:datafield tag="245" ind1="1" ind2="0">
      <marc:subfield code="a">Cadre canadien de collaboration en matière d'eau souterraine / </marc:subfield>
      <marc:subfield code="c">Préparé par Alfonso Rivera et al. </marc:subfield>
    </marc:datafield>
    <marc:datafield tag="260" ind1=" " ind2=" ">
      <marc:subfield code="a">Ottawa - Ontario : </marc:subfield>
      <marc:subfield code="b">Ressources naturelles Canada. </marc:subfield>
      <marc:subfield code="c">2003.</marc:subfield>
    </marc:datafield>
    <marc:datafield tag="300" ind1=" " ind2=" ">
      <marc:subfield code="a">[6], 60p. : </marc:subfield>
      <marc:subfield code="b">figures en couleur, ill. en couleur, organigramme, références ; </marc:subfield>
      <marc:subfield code="c">28 cm.</marc:subfield>
    </marc:datafield>
    <marc:datafield tag="500" ind1=" " ind2=" ">
      <marc:subfield code="a">«On peut obtenir cette publication dans les bureaux de la Commission géologique du Canada suivants: ...».--Verso de la page de titre. Les coordonnées des bureaux de la CGCS dans le pays se trouvent à: http://www.nrcan.gc.ca/gsc/offices_f.html</marc:subfield>
    </marc:datafield>
    <marc:datafield tag="520" ind1="3" ind2=" ">
      <marc:subfield code="a">Ce document établit une vision commune pour orienter la coopération intergouvernementale et la participation des intervenants dans la gestion réussie des ressources en eau souterraine du pays. Il passe en revue les initiatives antérieures du Canada dans le domaine, énumère les mécanismes de coordination et les programmes de collaboration en place et fournit des recommandations touchant les mécanismes de coordination et de collaboration, les programmes coopératifs nationaux, la communication, les normes de rendement et l’uniformité. Résume les questions importantes sur les eaux souterraines soulevées au cours du premier Atelier national sur les eaux souterraines, tenu en 2000.</marc:subfield>
    </marc:datafield>
    <marc:datafield tag="563" ind1=" " ind2=" ">
      <marc:subfield code="a">Couverture souple</marc:subfield>
    </marc:datafield>
    <marc:datafield tag="590" ind1=" " ind2=" ">
      <marc:subfield code="a">03-39</marc:subfield>
      <marc:subfield code="b">2003-09-26</marc:subfield>
    </marc:datafield>
    <marc:datafield tag="691" ind1="0" ind2="7">
      <marc:subfield code="a">Eau souterraine</marc:subfield>
      <marc:subfield code="2">gcpds</marc:subfield>
    </marc:datafield>
    <marc:datafield tag="720" ind1="1" ind2=" ">
      <marc:subfield code="a">Rivera, Alfonso</marc:subfield>
    </marc:datafield>
    <marc:datafield tag="775" ind1="0" ind2="8">
      <marc:subfield code="t">Canadian framework for collaboration on groundwater / </marc:subfield>
      <marc:subfield code="w">(CaOODSP)9.648989</marc:subfield>
    </marc:datafield>
    <marc:datafield tag="776" ind1="0" ind2="#">
      <marc:subfield code="t">Cadre canadien de collaboration en matière d'eau souterraine / </marc:subfield>
      <marc:subfield code="w">(CaOODSP)9.631114</marc:subfield>
    </marc:datafield>
  </marc:record>
</marc:collection>
